More Last Names in TV Shows? Quiz Stats

 Plays Quiz Updated Apr 22, 2018

Challenge
Share
Tweet
Score 0/18 Timer 05:00
1 Play Today
% Correct
3rd Chris Rock
From The Sun
91.1%
Saved By The
Kristen Bell
84.2%
Stephen King
Of The Hill
80.9%
Katy Perry
Mason
80.3%
Eddie Murphy
Brown
78.9%
24: Live Another
Doris Day
77.7%
One Tree
Jonah Hill
76.3%
Pamela Anderson
Cooper 360°
75.7%
James Cagney
& Lacey
75.3%
% Correct
Chicago
Bob Hope
75.2%
Kevin Hart
Of Dixie
72.3%
The Andy
Melanie Griffith Show
68.2%
Cleavon Little
House On The Prairie
59.9%
Agent
Lynda Carter
59.1%
Melrose
Mary Kay Place
53.9%
Peter
Anna Gunn
50.7%
Barnaby
Felicity Jones
50.6%
Art Garfunkel
and Oates
43.5%

You're not logged in!

Compare scores with friends on all Sporcle quizzes.
OR
Log In

You Might Also Like...

Show Comments

Extras

Top Quizzes Today


Score Distribution

Your Account Isn't Verified!

In order to create a playlist on Sporcle, you need to verify the email address you used during registration. Go to your Sporcle Settings to finish the process.

Report this User

Report this user for behavior that violates our Community Guidelines.

Details: